Nghiên cứu, xây dựng các giải pháp quản lý môi trường tại một số cảng thủy nội địa khu vực phía Nam : Luận văn thạc sĩ - Chuyên ngành: Quản lý tài nguyên và môi trường

Uloženo v:
Podrobná bibliografie
Hlavní autor: Lê, Thị Thùy Trang
Médium: Luận văn
Jazyk:Undetermined
Vydáno: Trường Đại học Công nghiệp Tp. Hồ Chí Minh 2017
Témata:
Tagy: Přidat tag
Žádné tagy, Buďte první, kdo otaguje tento záznam!
Thư viện lưu trữ: Trung tâm Thư viện - Trường Đại học Công nghiệp TP. Hồ Chí Minh
LEADER 00776nam a2200157Ia 4500
001 UIH_01240
008 230809s9999 xx 000 0 und d
082 |a 628 
100 |a Lê, Thị Thùy Trang 
245 0 |a Nghiên cứu, xây dựng các giải pháp quản lý môi trường tại một số cảng thủy nội địa khu vực phía Nam : Luận văn thạc sĩ - Chuyên ngành: Quản lý tài nguyên và môi trường 
245 0 |c Lê, Thị Thùy Trang 
260 |b Trường Đại học Công nghiệp Tp. Hồ Chí Minh 
260 |c 2017 
650 |a Quản lý môi trường;Cảng; 
927 |a Luận văn 
980 |a Trung tâm Thư viện - Trường Đại học Công nghiệp TP. Hồ Chí Minh